书目信息 |
| 题名: |
基于FPGA的工程设计与应用
|
|
| 作者: | 王彦 主编 ;黄智伟 , 申政琴 , 王明海 编著 | |
| 分册: | ||
| 出版信息: | 西安 西安电子科技大学出版社 2007.05 |
|
| 页数: | 497页 | |
| 开本: | 26cm | |
| 丛书名: | ||
| 单 册: | ||
| 中图分类: | TP331.2 | |
| 科图分类: | ||
| 主题词: | 现场可编程门阵列--xian chang ke bian cheng men zhen lie--系统设计 | |
| 电子资源: | ||
| ISBN: | 978-7-5606-1789-3 | |
| 000 | 01330nam0 2200313 450 | |
| 001 | 012008899734 | |
| 005 | 20080604182016.85 | |
| 010 | @a978-7-5606-1789-3@dCNY53.00 (含光盘) | |
| 010 | @a978-7-900683-76-2@b光盘 | |
| 100 | @a20080604d2007 em y0chiy0120 ea | |
| 101 | 0 | @achi |
| 102 | @aCN@b610000 | |
| 105 | @aak a 000yy | |
| 106 | @ar | |
| 200 | 1 | @a基于FPGA的工程设计与应用@Aji yu FPGA de gong cheng she ji yu ying yong@f王彦主编@Fwang yan zhu bian@g黄智伟, 申政琴, 王明海编著@Ghuang zhi wei,shen zheng qin,wang ming hai bian zhu |
| 210 | @a西安@c西安电子科技大学出版社@d2007.05 | |
| 215 | @a497页@c图@d26cm@e光盘1片 | |
| 312 | @a英文并列题名取自封面 | |
| 320 | @a有书目 (第497页) | |
| 330 | @a本书介绍了两种作为通用控制核心的FPGA最小系统板,并介绍了基于FPGA的各种常用的接口电路设计和驱动程序设计,然后结合6个具体的工程设计,介绍了项目设计的要求、设计思路与设计方案,以及各模块的具体设计与工程实现。 | |
| 510 | 1 | @aProject design and application based on FPGA@zeng |
| 606 | 0 | @a现场可编程门阵列@Axian chang ke bian cheng men zhen lie@x系统设计 |
| 690 | @aTP331.2@v4 | |
| 701 | 0 | @a王彦@Awang yan@4主编 |
| 702 | 0 | @a黄智伟@Ahuang zhi wei@4编著 |
| 702 | 0 | @a申政琴@Ashen zheng qin@4编著 |
| 702 | 0 | @a王明海@Awang ming hai@4编著 |
| 801 | 0 | @aCN@bQSSK@c20080604 |
| 905 | @b724482-83@dTP331.2@eW445@f2 | |
| 基于FPGA的工程设计与应用/王彦主编/黄智伟, 申政琴, 王明海编著.-西安:西安电子科技大学出版社,2007.05 |
| 497页:图;26cm+光盘1片 |
| ISBN 978-7-5606-1789-3:CNY53.00 (含光盘) |
| 本书介绍了两种作为通用控制核心的FPGA最小系统板,并介绍了基于FPGA的各种常用的接口电路设计和驱动程序设计,然后结合6个具体的工程设计,介绍了项目设计的要求、设计思路与设计方案,以及各模块的具体设计与工程实现。 |
| ● |
| 相关链接 |
|
|
|
正题名:基于FPGA的工程设计与应用
索取号:TP331.2/W445
 
预约/预借
| 序号 | 登录号 | 条形码 | 馆藏地/架位号 | 状态 | 备注 |
| 1 | 724482 | 207244828 | 自科库301/301自科库 60排5列5层/ [索取号:TP331.2/W445] | 在馆 | |
| 2 | 724483 | 207244837 | 自科库301/301自科库 60排5列5层/ [索取号:TP331.2/W445] | 在馆 |